000 00217nam a22000857a 4500
008 170130b xxu||||| |||| 00| 0 eng d
100 _92631
_aParth Children Book
245 _aNusrey Rhymes-B
260 _aNew Delhi
_bPCB
_c2010
999 _c5775
_d5775